000 00880nam0a22002771 4500
001 rc\3562125
005 20250610072711.0
021 _aRU
_b[76-58126]
035 _a(NLR Aleph) 007797442
090 _a7672074
_c7672074
100 _a20130115d1976 |||y0rusy50 ca
101 0 _arus
102 _aRU
105 _aa z |||||
200 1 _aОпыт и наблюдения над растениями
_fГ.С. Нога
210 _aМосква
_cПросвещение
_d1976
215 _a175 с.
_cил.
_d22
225 1 _aПособие для учителей
320 _aСписок лит.: с. 173 (10 назв.)
606 _aБотаника
_jОпыты учебные
_2psbo
700 1 _aНога
_bГ.С.
_gГавриил Савельевич
801 0 _aRU
_bNLR
_gpsbo
801 1 _aRU
_bELAR
_2rusmarc
852 _aNLR
_j76-5/5154
942 _cBOOK
980 _aNB